Muji = Mujirushi Ryōhin /

Bibliographic Details
Main Author: Peng, Yangjun
Other Authors: Chen, Jiaojiao, Narain, Serena
Format: Book
Language:English
Published: Singapore : Page One, 2007.
Series:Brands A to Z (Singapore)
Subjects:

MARC

Tag First Indicator Second Indicator Subfields
LEADER 00000cam a22000004a 4500
001 in00002372821
005 20151109050947.0
008 071228s2007 si a c 000 0 eng c
020 |a 9789812454850 
020 |a 9812454853 
035 |a (OCoLC)ocn185042504 
035 |a (OCoLC)185042504 
040 |a SINLB  |c SINLB  |d BTCTA  |d BAKER  |d YDXCP  |d TXA  |d UtOrBLW 
042 |a pcc 
043 |a a-ja--- 
049 |a TXAM 
050 4 |a TS105  |b .P46 2007 
082 0 4 |a 745.20952  |2 22 
100 1 |a Peng, Yangjun. 
245 1 0 |a Muji =  |b Mujirushi Ryōhin /  |c [authors: Peng Yangjun and Chen Jiaojiao ; editor: Serena Narain]. 
246 3 1 |a Mujirushi Ryōhin 
264 1 |a Singapore :  |b Page One,  |c 2007. 
300 |a 240 pages :  |b illustrations (chiefly color) ;  |c 26 cm. 
336 |a text  |b txt  |2 rdacontent 
337 |a unmediated  |b n  |2 rdamedia 
338 |a volume  |b nc  |2 rdacarrier 
490 1 |a Brands A to Z 
610 2 0 |a Muji (Firm) 
650 0 |a Department stores  |z Japan  |x Marketing. 
650 0 |a Branding (Marketing)  |z Japan. 
650 0 |a Industrial design  |z Japan. 
700 1 |a Chen, Jiaojiao. 
700 1 |a Narain, Serena. 
830 0 |a Brands A to Z (Singapore) 
938 |a Baker and Taylor  |b BTCP  |n BK0007577537 
938 |a Baker & Taylor  |b BKTY  |c 57.00  |d 57.00  |i 9812454853  |n 0007577537  |s active 
938 |a YBP Library Services  |b YANK  |n 2777945 
945 |a PromptCat  |b 409500 
946 |a stk 
947 |a A14836766720 
948 |a cataloged  |b h  |c 2008/6/11  |d c  |e tchubaryan  |f 2:52:12 pm 
994 |a C0  |b TXA 
999 |a MARS 
999 f f |s 23dbfade-ea33-3d76-82b0-0a4fae8f7331  |i faa903dd-6cf6-3879-bdf1-1482a18ca156  |t 0 
952 f f |p normal  |a Texas A&M University  |b College Station  |c Sterling C. Evans Library  |d Evans: Library Stacks  |t 0  |e TS105 .P46 2007  |h Library of Congress classification  |i unmediated -- volume  |m A14836766720 
998 f f |a TS105 .P46 2007  |t 0  |l Evans: Library Stacks